Euroopan pääkaupungit reitin varrella - Statistics

Yleistilastot
  • Tätä visaa on pelattu 2 207 kertaa
    2 206 viimeisimmän päivityksen jälkeen
  • Keskiarvotulos 6 / 12
Vastaukset kartalla
Vastauksille on annettu kartalla punavihreä väri sen mukaan, kuinka moni on saanut sen oikein.
 
Vastaustilastot
Reitti Pääkaupunki % Oikein
Mysteerireitti Amsterdam
100%
Mysteerireitti Andorra la Vella
100%
Mysteerireitti Berliini
100%
Mysteerireitti Bern
100%
Mysteerireitti Dublin
100%
Mysteerireitti Helsinki
100%
Mysteerireitti Kiova
100%
Mysteerireitti Kööpenhamina
100%
Mysteerireitti Lissabon
100%
Mysteerireitti Lontoo
100%
Mysteerireitti Luxemburg
100%
r2 Madrid
100%
Mysteerireitti Madrid
100%
Mysteerireitti Moskova
100%
Mysteerireitti Moskova
100%
Mysteerireitti Oslo
100%
Mysteerireitti Pariisi
100%
Mysteerireitti Praha
100%
Mysteerireitti Reykjavik
100%
r19 Reykjavik
100%
Mysteerireitti Rooma | Vatikaani
100%
Mysteerireitti Sofia
100%
Mysteerireitti Tukholma
100%
Mysteerireitti Valletta
100%
Mysteerireitti Varsova
100%
Mysteerireitti Vilna
100%
Mysteerireitti Wien
100%
r6 Oslo
97%
r14 Oslo
97%
r4 Reykjavik
97%
r2 Dublin
96%
r11 Lissabon
95%
r11 Oslo
95%
r23 Tallinna
93%
r19 Andorra la Vella
92%
r2 Tukholma
92%
r9 Amsterdam
91%
r25 Berliini
91%
r25 Helsinki
91%
r22 Madrid
91%
r9 Oslo
91%
r11 Andorra la Vella
90%
r8 Madrid
90%
r17 Pariisi
90%
r7 Amsterdam
88%
r14 Lissabon
88%
r22 Lissabon
88%
r14 Lontoo
88%
r7 Reykjavik
88%
r6 Lontoo
86%
r8 Rooma | Vatikaani
86%
r4 Varsova
86%
r1 Tirana
85%
r24 Bryssel
83%
r10 Varsova
83%
r20 Bukarest
82%
r11 Bryssel
80%
r6 Bryssel
78%
r19 Monaco
78%
r16 Budapest
77%
r17 Monaco
77%
r22 Amsterdam
76%
r8 Kiova
76%
r6 Monaco
76%
r1 San Marino
76%
r13 Valletta
76%
r25 Bern
75%
r15 San Marino
75%
r24 Dublin
74%
r24 Lissabon
74%
r24 Reykjavik
74%
r22 Riika
74%
r23 Kiova
73%
r6 Kööpenhamina
73%
r10 Kööpenhamina
73%
r22 Berliini
71%
r17 Helsinki
71%
r17 Kööpenhamina
71%
r10 Kiova
70%
r1 Belgrad
68%
r3 Bratislava
68%
r3 Helsinki
68%
r3 Minsk
68%
r23 Berliini
67%
r4 Sofia
67%
r18 Bern
66%
r24 Andorra la Vella
65%
r11 Berliini
65%
r6 Wien
65%
r3 Bryssel
64%
r3 Lontoo
64%
r8 Lontoo
64%
r18 Varsova
63%
r9 San Marino
61%
r21 Zagreb
61%
r8 Andorra la Vella
60%
r23 Pariisi
60%
r3 Lissabon
59%
r14 Podgorica
59%
r1 Pristina
59%
r18 Tallinna
59%
r12 Budapest
58%
r17 Kiova
58%
r7 Praha
58%
r2 Sarajevo
58%
r12 Varsova
58%
r21 Chișinău
57%
r8 Dublin
57%
r15 Ljubljana
54%
r23 Bern
53%
r4 Bukarest
53%
r10 Chișinău
53%
r10 Moskova
53%
r25 San Marino
53%
r17 Berliini
52%
r9 Praha
52%
r13 Zagreb
52%
r12 Bryssel
50%
r11 Budapest
50%
r16 Bukarest
50%
r16 Chișinău
50%
r22 Ljubljana
50%
r18 Luxemburg
50%
r16 Madrid
50%
r23 Monaco
50%
r20 Sarajevo
50%
r10 Tukholma
50%
r19 Vaduz
50%
r20 Wien
50%
r18 Helsinki
47%
r18 Oslo
47%
r4 Valletta
47%
r20 Rooma | Vatikaani
46%
r16 Amsterdam
45%
r16 Dublin
45%
r8 Helsinki
45%
r16 Vaduz
45%
r8 Vilna
45%
r1 Riika
44%
r10 Amsterdam
43%
r20 Monaco
43%
r8 Moskova
43%
r23 San Marino
43%
r21 Tukholma
43%
r4 Madrid
42%
r4 Pariisi
42%
r19 Praha
42%
r4 Rooma | Vatikaani
42%
r13 Sarajevo
42%
r4 Zagreb
42%
r22 Bratislava
41%
r22 Minsk
41%
r1 Moskova
41%
r14 Pristina
41%
r8 Ateena
40%
r20 Tirana
39%
r21 Varsova
39%
r18 Ateena
38%
r18 Sofia
38%
r6 Zagreb
38%
r10 Dublin
37%
r10 Lontoo
37%
r3 Bern
36%
r16 Ljubljana
36%
r16 Oslo
36%
r7 Vilna
36%
r1 Tallinna
35%
r6 Tirana
35%
r13 Budapest
33%
r13 Bukarest
33%
r12 Ljubljana
33%
r19 Zagreb
33%
r17 Belgrad
32%
r16 Bratislava
32%
r3 Ljubljana
32%
r21 Luxemburg
32%
r21 Pariisi
32%
r5 Rooma | Vatikaani
32%
r21 Rooma | Vatikaani
32%
r5 Vaduz
32%
r8 Bukarest
31%
r4 Praha
31%
r14 Riika
31%
r11 Ateena
30%
r6 Belgrad
30%
r23 Ljubljana
30%
r11 Podgorica
30%
r11 Reykjavik
30%
r11 Riika
30%
r11 Tukholma
30%
r24 Vaduz
30%
r10 Valletta
30%
r1 Amsterdam
29%
r2 Berliini
29%
r21 San Marino
29%
r20 Skopje
29%
r2 Vaduz
29%
r15 Wien
29%
r19 Sarajevo
28%
r23 Bratislava
27%
r16 Minsk
27%
r9 Sarajevo
27%
r1 Luxemburg
26%
r24 Tirana
26%
r25 Ateena
25%
r14 Berliini
25%
r20 Bryssel
25%
r4 Budapest
25%
r14 Helsinki
25%
r14 Kööpenhamina
25%
r20 Madrid
25%
r2 Pariisi
25%
r14 Praha
25%
r25 Sarajevo
25%
r14 Tallinna
25%
r20 Tallinna
25%
r25 Tirana
25%
r20 Valletta
25%
r12 Zagreb
25%
r10 Ateena
23%
r5 Budapest
23%
r17 Podgorica
23%
r19 Belgrad
22%
r19 Bratislava
22%
r1 Andorra la Vella
21%
r21 Ateena
21%
r15 Kööpenhamina
21%
r15 Moskova
21%
r21 Moskova
21%
r15 Riika
21%
r7 Sofia
21%
r21 Tirana
21%
r13 Tukholma
21%
r1 Wien
21%
r23 Sofia
20%
r25 Podgorica
19%
r17 Pristina
19%
r18 Skopje
19%
r6 Vilna
19%
r7 Ateena
18%
r15 Budapest
18%
r13 Kööpenhamina
18%
r3 Podgorica
18%
r9 Podgorica
18%
r24 Belgrad
17%
r19 Kiova
17%
r12 Sofia
17%
r17 Bukarest
16%
r5 Chișinău
16%
r18 Lissabon
16%
r17 Sofia
16%
r18 Valletta
16%
r22 Belgrad
15%
r13 Luxemburg
15%
r13 Pariisi
15%
r22 Pristina
15%
r9 Skopje
15%
r15 Belgrad
14%
r3 Chișinău
14%
r6 Kiova
14%
r3 Pristina
14%
r15 Rooma | Vatikaani
14%
r15 Valletta
14%
r2 Ateena
13%
r25 Bukarest
13%
r2 Chișinău
13%
r5 Lissabon
13%
r2 Minsk
13%
r5 Podgorica
13%
r2 San Marino
13%
r9 Minsk
12%
r22 Sarajevo
12%
r7 Vaduz
12%
r9 Vilna
12%
r15 Luxemburg
11%
r5 Bern
10%
r5 Riika
10%
r9 Bratislava
9%
r13 Monaco
9%
r9 Tukholma
9%
r7 Wien
9%
r23 Skopje
7%
r7 Bryssel
6%
r5 Dublin
6%
r19 Lontoo
6%
r7 Luxemburg
6%
r5 Minsk
6%
r25 Minsk
6%
r7 Monaco
6%
r5 Tallinna
6%
r13 Vaduz
6%
r25 Wien
6%
r12 Skopje
4%
r24 Tallinna
4%
r24 Varsova
4%
r24 Vilna
4%
r12 Andorra la Vella
0%
r12 Kööpenhamina
0%
r12 Moskova
0%
r12 Reykjavik
0%
Ehtoja vastaavia visoja ei löytynyt
Tulosjakauma
Jokaisen tuloksen saaneiden osuus
Persentiili vastausten määrän mukaan
Tuloshistoriasi
Et ole pelannut tätä visaa sen viimeisimmän päivityksen jälkeen